MARC

LEADER 00000nam0a2200000 4500
001 263494
005 20231101233738.0
020 |a RU  |b 88-37880ж 
035 |a (RuTPU)RU\TPU\book\286479 
090 |a 263494 
100 |a 20140609d1988 k y0rusy5003 ca 
101 0 |a rus 
102 |a RU 
105 |a a z 001zy 
200 1 |a Твердотельная электроника  |e сборник научных трудов  |f Ленинградский электротехнический институт (ЛЭТИ) ; гл. ред. Б. А. Калиникос 
210 |a Ленинград  |c Изд-во ЛЭТИ  |d 1988 
215 |a 96 с.  |c ил. 
225 1 |a Известия Ленинградского электротехнического института (ЛЭТИ)  |v Вып. 393 
320 |a Библиогр. в конце ст. 
606 1 |a Электроника твердотельная  |2 stltpush  |3 (RuTPU)RU\TPU\subj\20341  |9 45450 
610 1 |a микроэлектронные схемы интегральные твердотельные 
610 1 |a полупроводниковая электроника 
610 1 |a диэлектрики 
610 1 |a диэлектрическая электроника 
610 1 |a сегнетоэлектрические явления 
610 1 |a сегнетоэлектрики-полупроводники 
610 1 |a СВЧ 
610 1 |a параметры 
610 1 |a контроль 
610 1 |a автоматизация 
675 |a 621.382  |z rus  |v 3 
702 1 |a Калиникос  |b Б. А.  |4 651 
712 0 2 |a Ленинградский электротехнический институт (ЛЭТИ)  |2 stltpush  |3 (RuTPU)RU\TPU\col\289 
801 0 |a RU  |b RuMRKP  |c 19950417  |g psbo 
801 1 |a RU  |b 63413507  |c 20140609 
801 2 |a RU  |b 63413507  |c 20150518  |g RCR 
942 |c BK